Vo veľkom to ide lepšie

Podstata kolektívneho investovania. Združovanie malých investorov. Výhody kolektívneho investovania. Investovanie do fondov. Riziko a výnos. Bezpečie a ochrana investícií do fondov.

Gespeichert in:
Bibliographische Detailangaben
1. Verfasser: Škriniar, Pavel, 1979-
Format: Buchkapitel
Sprache:Slowakisch
Schlagworte:
Tags: Tag hinzufügen
Keine Tags, Fügen Sie das erste Tag hinzu!

MARC

LEADER 00000naa a2200000 4500
001 0165637
005 20240502072903.7
041 0 |a slo 
044 |a SK 
245 1 0 |a Vo veľkom to ide lepšie  |c Pavel Škriniar 
520 |a Podstata kolektívneho investovania. Združovanie malých investorov. Výhody kolektívneho investovania. Investovanie do fondov. Riziko a výnos. Bezpečie a ochrana investícií do fondov. 
610 2 0 |a investície 
610 2 0 |a investovanie kolektívne 
610 2 0 |a financie 
610 2 0 |a fondy podielové 
610 2 0 |a riziko 
610 2 0 |a výnosy 
610 2 0 |a papiere cenné 
610 2 0 |a poplatky 
100 1 |a Škriniar, Pavel, 1979-